U.S. - Based Charities - Statistics

General Stats
  • This quiz has been taken 73 times
  • The average score is 5 of 20
Answer Stats
$ Focus Home Answer % Correct
$1.1 B Disaster relief Washington, D.C. American Red Cross
87%
$1.8 B Humanitarian Alexandria, VA Salvation Army
59%
$770 M Youth programs Chicago, IL YMCA
54%
$900 M Medical Atlanta, GA American Cancer Society
38%
$3.9 B Varied Alexandria, VA United Way
38%
$590 M Humanitarian Americus, GA Habitat for Humanity
35%
$645 M Job training Rockville, MD Goodwill Industries
30%
$680 M Medical Memphis, TN St. Jude's Hospital
26%
$450 M Humanitarian New York, NY U.S. Fund for UNICEF
26%
$795 M Humanitarian Alexandria, VA Catholic Charities
14%
$780 M Humanitarian Federal Way, WA World Vision
12%
$615 M Youth programs Atlanta, GA Boys' and Girls' Clubs
9%
$515 M Humanitarian Oklahoma City, OK Feed the Children
7%
$505 M Medical Dallas, TX American Heart Association
6%
$525 M Conservation Arlington, VA Nature Conservancy
6%
$1.1 B Humanitarian Chicago, IL Feeding America
4%
$460 M Evangelism Orlando, FL Campus Crusade for Christ
3%
$795 M Medical Stamford, CT AmeriCares Foundation
1%
$505 M Humanitarian Colorado Springs, CO Compassion International
1%
$1 B Humanitarian Deerfield Beach, FL Food for the Poor
1%
No matching quizzes found
Score Distribution
Percent of People with Each Score
Percentile by Number Answered
Your Score History
You have not taken this quiz